Pays du monde commençant par M, N, O et P - Statistiques

Statistiques générales
  • Ce quiz a été pris 946 fois
    806 depuis la dernière actualisation
  • Le résultat moyen est 28 sur 38
Réponses sur la Carte
Les réponses sont colorées sur une échelle allant du rouge au vert en fonction du pourcentage des utilisateurs qui les ont devinées à leur premier essai. Vous pouvez retrouver ces pourcentages ci-dessous.
 
Statistiques - réponses
Pays % Correct
Maroc
87%
Portugal
87%
Mauritanie
86%
Madagascar
85%
Pérou
84%
Mali
82%
Pakistan
82%
Mongolie
81%
Pologne
81%
Niger
80%
Namibie
79%
Nigeria
79%
Oman
79%
Macédoine du Nord
77%
Mexique
77%
Ouzbékistan
77%
Népal
76%
Ouganda
76%
Maldives
74%
Moldavie
74%
Paraguay
74%
Monténégro
73%
Norvège
73%
Nicaragua
72%
Malaisie
71%
Monaco
71%
Mozambique
71%
Nouvelle-Zélande
70%
Panama
70%
Papouasie-Nouvelle-Guinée
70%
Malte
68%
Philippines
66%
Palaos
65%
Malawi
64%
Micronésie
57%
Nauru
56%
Pays-Bas
53%
Myanmar
19%
Aucun quiz correspondant
Distribution des résultats
% des personnes avec chaque résultat
Percentile par nombre de réponses
Votre historique - résultats
Vous n’avez pas pris ce quiz depuis la dernière actualisation